[Event "4th Memorial Warakomska-B 2020"]
[Site "Suwalki"]
[Date "2020.08.06"]
[Round "9.31"]
[White "Zawal, Tomasz"]
[Black "Gladyszewski, Adam"]
[Result "1/2-1/2"]
[WhiteElo "1069"]
[BlackElo "1174"]
[Annotator "NA RC"]
[PlyCount "69"]
[EventDate "2020.08.06"]
[EventType "swiss"]
[EventCountry "POL"]
[SourceTitle "playchess.com"]
[Source "ChessBase"]
[SourceQuality "1"]
[TimeControl "40/5400+30:1800+30"]

1. d4 d5 2. Bf4 Nf6 3. e3 c6 4. Nf3 Bg4 5. Bd3 e6 6. Nbd2 Nh5 7. Bg3 Nxg3 8. hxg3 h6 9. Qe2 Bd6 10. O-O-O Nd7 11. Rh4 Nf6 12. e4 dxe4 13. Nxe4 Bxf3 14. Qxf3 Be7 15. c3 Qa5 16. Kb1 Nxe4 17. Rxe4 O-O 18. Rh1 Rad8 19. Re5 Rd5 20. Rxd5 Qxd5 21. Qxd5 exd5 22. Re1 Re8 23. Kc2 Kf8 24. f3 Bd6 25. Rxe8+ Kxe8 26. g4 Ke7 27. b3 Kf6 28. Bf5 b6 29. Kd3 Bf4 30. Bd7 c5 31. Bc6 Ke6 32. c4 dxc4+ 33. Kxc4 cxd4 34. Kxd4 a5 35. a4 1/2-1/2